Central Library OPAC University of Rajshahi

كتاب تهذيب الاخلاق /Kitāb Tahdhīb al-akhlāq, / (Record no. 83514)

MARC details
000 -LEADER
fixed length control field 00826nam a2200229 a 4500
001 - CONTROL NUMBER
control field 83514
003 - CONTROL NUMBER IDENTIFIER
rucl marc code BD-RjUL
005 - DATE AND TIME OF LATEST TRANSACTION
control field 20240417103026.0
008 - FIXED-LENGTH DATA ELEMENTS--GENERAL INFORMATION
fixed length control field 030627s1904 ua 000 0 ara d
035 ## - SYSTEM CONTROL NUMBER
System control number (BD-RjUL)83514
040 ## - CATALOGING SOURCE
Original cataloging agency TAU
Language of cataloging eng
Transcribing agency BD-RjUL
041 0# - LANGUAGE CODE
Language code of text/sound track or separate title ara
082 ## - DEWEY DECIMAL CLASSIFICATION NUMBER
Edition number 23
Classification number 297.5
Author mark and year KHK 1904
100 1# - MAIN ENTRY--PERSONAL NAME
Personal name خان, سيد احمد ،Khan, Syed Ahmed
Dates associated with a name م. ١٠٣٠
9 (RLIN) 12596
245 15 - TITLE STATEMENT
Title كتاب تهذيب الاخلاق /Kitāb Tahdhīb al-akhlāq, /
Statement of responsibility, etc. سر سيد احمد خان ;; Sir Syed ahmad Khan
260 ## - PUBLICATION, DISTRIBUTION, ETC. (IMPRINT)
Place of publication, distribution, etc. Lahore :
Name of publisher, distributor, etc. المطبعة الخيرية،
Date of publication, distribution, etc. [١٩٠٤ م. .]
300 ## - PHYSICAL DESCRIPTION
Pagination V. ; [620 p.] ;
Size 22 cm
505 ## - FORMATTED CONTENTS NOTE
Formatted contents note Vol. 2 pt. 1-2.مضامين انريبل .- مضامين مذهبي وعلمي .--
650 #4 - SUBJECT ADDED ENTRY--TOPICAL TERM
Topical term or geographic name as entry element Islamic ethics.
Topical term or geographic name as entry element Islam
General subdivision Doctrines
942 ## - ADDED ENTRY ELEMENTS (KOHA)
Source of classification or shelving scheme Dewey Decimal Classification
Koha item type Books
Holdings
Lost status Source of classification or shelving scheme Damaged status Not for loan Collection code Permanent Location Current Location Shelving location Date acquired Source of acquisition Total Checkouts Full call number Date last seen Copy number Koha item type
  Dewey Decimal Classification   Not For Loan Non-fiction Central Library, University of Rajshahi Central Library, University of Rajshahi Reading Room 17/04/2024 A.H.. Quraisshi   U 297.5 KHK V-2 1904 17/04/2024 C-1 Books